Calculo aplicado/ (Registro nro. 8656)

Detalles MARC
000 -LEADER
fixed length control field 01080nam a2200217Ia 4500
005 - FECHA Y HORA DE LA ÚLTIMA TRANSACCIÓN
control field 20230731105345.0
008 - FIXED-LENGTH DATA ELEMENTS--GENERAL INFORMATION
fixed length control field 230725s9999 xx 000 0 und d
020 ## - INTERNATIONAL STANDARD BOOK NUMBER
International Standard Book Number 9701059077
040 ## - CATALOGING SOURCE
Original cataloging agency UPAN
Transcribing agency Biblioteca San Vicente
Description conventions RCAA2
041 ## - LANGUAGE CODE
Language code of text/sound track or separate title spa
082 ## - DEWEY DECIMAL CLASSIFICATION NUMBER
Classification number 510.15
Item number H644c
año de publicación 2006
100 ## - MAIN ENTRY--PERSONAL NAME
Personal name Hoffmann D, Laurence
Relator code aut.
245 #0 - TITLE STATEMENT
Title Calculo aplicado/
Remainder of title Laurence D. Hoffmann
250 ## - EDITION STATEMENT
Edition statement 8° ed.
260 ## - PUBLICATION, DISTRIBUTION, ETC. (IMPRINT)
Place of publication, distribution, etc Mexico:
Name of publisher, distributor, etc McGraw Hill,
Date of publication, distribution, etc 2006
300 ## - PHYSICAL DESCRIPTION
Extent 976 p.;
Dimensions 27 cm.
505 ## - FORMATTED CONTENTS NOTE
Formatted contents note Capitulo 1. Funciones, gràficas y limites<br/>Capitulo 2. Derivación: conceptos básicos <br/>Capitulo 3. Aplicaciones adicionales de la derivada <br/>Capitulo 4. Funciones exponenciales y logarítmicas<br/>Capitulo 5. Integración<br/>Capitulo 6. Temas adicionales de integración <br/>Capitulo 7. Calculo de varias variables<br/>Capitulo 8. Ecuaciones diferenciales<br/>Capitulo 9. Aproximaciones por series infinitas y series de Taylor <br/>Capitulo 10. Probabilidad y cálculo <br/>Capitulo 11. Funciones trigonométricas
650 ## - SUBJECT ADDED ENTRY--TOPICAL TERM
Source of heading or term LEMB
General subdivision Cálculo
700 ## - ADDED ENTRY--PERSONAL NAME
Personal name Gerald L. Bradley
Relator code col.
942 ## - ADDED ENTRY ELEMENTS (KOHA)
Koha item type Libros
Source of classification or shelving scheme Dewey Decimal Classification
Existencias
Withdrawn status Lost status Source of classification or shelving scheme Damaged status Not for loan Collection code Home library Current library Date acquired Total Checkouts Full call number Barcode Date last seen Copy number Price effective from Koha item type
    Dewey Decimal Classification     Colección General Biblioteca UPAN San Vicente Biblioteca UPAN San Vicente 25/07/2023   510.15 H644c 12002388 25/07/2023 01 25/07/2023 Libros